Electrical and instrumentation (Record no. 6780)

MARC details
000 -LEADER
fixed length control field 00844 a2200217 4500
008 - FIXED-LENGTH DATA ELEMENTS--GENERAL INFORMATION
fixed length control field 080908t xxu||||| |||| 00| 0 eng d
010 ## - LIBRARY OF CONGRESS CONTROL NUMBER
LC control number ENG-87659
020 ## - INTERNATIONAL STANDARD BOOK NUMBER
International Standard Book Number 818360031X
Terms of availability 195.00
035 ## - SYSTEM CONTROL NUMBER
System control number EN-71192
037 ## - SOURCE OF ACQUISITION
Source of stock number/acquisition D.B.Act / Pub
082 ## - DEWEY DECIMAL CLASSIFICATION NUMBER
Classification number 621.381
100 ## - MAIN ENTRY--PERSONAL NAME
Personal name Jain, K. C.
245 ## - TITLE STATEMENT
Title Electrical and instrumentation
Statement of responsibility, etc by K. C. Jain
250 ## - EDITION STATEMENT
Edition statement 2nd ed.
260 ## - PUBLICATION, DISTRIBUTION, ETC. (IMPRINT)
Place of publication, distribution, etc New Delhi
Name of publisher, distributor, etc Jain Brothers
Date of publication, distribution, etc 2007
270 ## - ADDRESS
Address 16/873, East Park Road, Karol Bagh
City New Delhi
Postal code 110005
Telephone number 011-23618426, 011-23619023
Electronic mail address jain_bros@hotmail.com
300 ## - PHYSICAL DESCRIPTION
Extent xx, 391 p.
Dimensions 24 cm. (Pbk)
500 ## - GENERAL NOTE
General note Includes index
942 ## - ADDED ENTRY ELEMENTS (KOHA)
Institution code [OBSOLETE] dpl
Koha item type English Books
Call number prefix 621.381 / JAI
Source of classification or shelving scheme Dewey Decimal Classification
Classification part 621.381
Call number suffix JAI
Holdings
Withdrawn status Lost status Damaged status Not for loan Collection code Home library Current library Date acquired Cost, normal purchase price Total Checkouts Full call number Barcode Date last seen Copy number Uniform Resource Identifier Cost, replacement price Price effective from Koha item type
      Not For Loan Non-fiction D.B.Act.Division D.B.Act.Division 08/09/2008 195.00   621.381 JAI EN-71192 15/09/2008 1 7282 195.00 15/09/2008 English Books

© Delhi Public Library
Hit Counter
free hit counter